Football Teams Mario Lemina Played For - Statistics

General Stats
  • This quiz has been taken 13 times
  • The average score is 5 of 9
Answer Stats
League Years Team % Correct
England 2017-2019 Southampton FC
90%
Turkey 2019-2020 Galatasaray SK
80%
Italy 2015-2017 Juventus FC
80%
England 2023- Wolverhampton Wanderers
80%
France 2021-2023 OGC Nice
60%
France 2013-2015 Olympique de Marseille
60%
England 2020-2021 Fulham FC
40%
France 2013 FC Lorient
10%
France 2012-2013 FC Lorient B
10%
No matching quizzes found
Score Distribution
Percent of People with Each Score
Percentile by Number Answered
Your Score History
You have not taken this quiz